Les couleurs - Sans voyelles - Statistiques

Statistiques générales
  • Ce quiz a été pris 38 fois
  • Le résultat moyen est 22 sur 34
Statistiques - réponses
Indince Réponse % Correct
BLNC Blanc
100%
BL Bleu
100%
GRS Gris
100%
JN Jaune
100%
RG Rouge
100%
VRT Vert
100%
VLT Violet
100%
NR Noir
97%
RS Rose
97%
BRDX Bordeaux
94%
CYN Cyan
94%
KK Kaki
94%
LVND Lavande
94%
R Or
94%
RNG Orange
94%
BG Beige
79%
MGNT Magenta
79%
MRM Marron
79%
TRQS Turquoise
79%
CHCLT Chocolat
73%
PRPR Pourpre
64%
SMN Saumon
48%
LLS Lilas
33%
MBR Ambre
30%
CRMS Cramoisi
27%
NDG Indigo
27%
FSCH Fuchsia
24%
LV Olive
24%
MRD Emeraude
18%
CRL Corail
12%
CR Ocre
12%
BRGN Aubergine
6%
RGNT Agent
3%
VC Ivoire
3%
Aucun quiz correspondant
Distribution des résultats
% des personnes avec chaque résultat
Percentile par nombre de réponses
Votre historique - résultats
Vous n’avez pas pris ce quiz